Rendes bíróság elé kerülnek a kommunista szervezkedés gyanúsítottjai

Elmentve itt :
Bibliográfiai részletek
Dokumentumtípus: Cikk
Megjelent: 1932-07-17
Sorozat:Délmagyarország 8 No. 162
Kulcsszavak:Füssy László, Kommunizmus Szeged 1932
Online Access:http://dmarchiv.bibl.u-szeged.hu/60119
LEADER 00471nab a2200145 i 4500
001 delm60119
005 20180927144555.0
008 180927s1932 hu o 0|| hun d
040 |a SZTE Délmagyarország Archívum  |b hun 
041 |a hun 
245 0 0 |a Rendes bíróság elé kerülnek a kommunista szervezkedés gyanúsítottjai  |h [elektronikus dokumentum] 
260 |c 1932-07-17 
300 |a 2 
490 0 |a Délmagyarország  |v 8 No. 162 
695 |a Füssy László, Kommunizmus Szeged 1932